NFL bird franchise stat leaders - Statistics

General Stats
  • This quiz has been taken 32 times
  • The average score is 7 of 10
Answer Stats
Stat # Player % Correct
Passing yards 59,735 Matt Ryan
100%
Passing TDs 367 Matt Ryan
100%
Receptions 1,432 Larry Fitzgerald
83%
Receiving yards 17,492 Larry Fitzgerald
83%
Receiving TDs 121 Larry Fitzgerald
83%
Tackles 978 Ray Lewis
65%
Interceptions 61 Ed Reed
61%
Rushing yards 9,429 Shaun Alexander
57%
Rushing TDs 100 Shaun Alexander
57%
Sacks 132.5 Terrell Suggs
43%
No matching quizzes found
Score Distribution
Percent of People with Each Score
Percentile by Number Answered
Your Score History
You have not taken this quiz